书目信息 |
| 题名: |
南大逸事
|
|
| 作者: | 龚放 著 | |
| 分册: | ||
| 出版信息: | 沈阳 辽海出版社 2000.02 |
|
| 页数: | 408页 | |
| 开本: | 32开 | |
| 丛书名: | ||
| 单 册: | ||
| 中图分类: | I251 | |
| 科图分类: | ||
| 主题词: | 报告文学--中国 , 传记文学--中国 | |
| 电子资源: | ||
| ISBN: | 7-80649-145-7 | |
| 000 | 00554nam0 2200205 45 | |
| 001 | 0105210969 | |
| 005 | 20010521094838.6 | |
| 010 | @a7-80649-145-7@d22.80元 | |
| 100 | @a20010521d2000 km y0chiy0120 ea | |
| 101 | 0 | @achi |
| 105 | @a z 000yy | |
| 200 | 1 | @a南大逸事@ANan Da Yi Shi@f龚放等著@FGong Fang Deng Zhu |
| 210 | @a沈阳@c辽海出版社@d2000.02 | |
| 215 | @a408页@d32开 | |
| 606 | 0 | @a报告文学@x中国 |
| 606 | 0 | @a传记文学@x中国 |
| 690 | @aI251@v3 | |
| 701 | 0 | @a龚放@4著 |
| 801 | @aCN@bPftUser@c20010521 | |
| 905 | @b343129-133@dI251@eG.240/1@f5 | |
| 南大逸事/龚放等著.-沈阳:辽海出版社,2000.02 |
| 408页;32开 |
| ISBN 7-80649-145-7:22.80元 |
| ● |
| 相关链接 |
|
|
|
正题名:南大逸事
索取号:I251/G.240/1
 
预约/预借
| 序号 | 登录号 | 条形码 | 馆藏地/架位号 | 状态 | 备注 |
| 1 | 343129 | 203431296 | 文学库108/ [索取号:I251/G.240/1] | 在馆 | |
| 2 | 343130 | 203431303 | 文学库108/108文学库 66排8列2层/ [索取号:I251/G.240/1] | 在馆 | |
| 3 | 343131 | 203431312 | 社科二线400B/400B社科库 24排1列2层/ [索取号:I251/G.240/1] | 在馆 | |
| 4 | 343132 | 203431321 | 文学库108/108文学库 66排8列1层/ [索取号:I251/G.240/1] | 在馆 | |
| 5 | 343133 | 203431330 | 文学库108/108文学库 66排8列1层/ [索取号:I251/G.240/1] | 在馆 |